Score 0/30 Timer 14:00
0 Plays Today
% Correct
Lee Iacocca, Jack Welch, and— no judgment— Saddam Hussein.
93.1%
If you throw them the wrong way, they'll veer off in a bad direction, and then your kid will fall into a quarry.
93.1%
And shalamzazam to you too, my sister.
92.9%
I mean, is wine-throwing something that even gets you on a reality show?
92.9%
That's not that much cheese.
92.9%
So I guess they're geniuses for getting stuck in a mine?
92.8%
If you think those are doing anything to seal in freshness, you are living in a fantasy world, pal.
92.8%
Does rain support the Earth?
92.4%
When did you find time to eat a diaper you found on the beach?
91.8%
Different time, the '60s.
91.8%
It destroyed two vintage t-shirt stores and a banjo.
91.2%
But I showed them. Oh, I showed them all.
91%
And I've been to, and worked at, the post office.
91%
You're for tools!
91%
How could we pay their salaries without using their money?
90.1%
% Correct
He's a very good pediatrician but that is an unfortunate name.
89.2%
I played a nucular psychiatrist in a James Bonk movie!
88.9%
Like that parasite I got from eating sushi on Amtrak.
88.7%
You know there isn't!
88.3%
You can do some serious subway flirting before you realize the guy is homeless.
87.6%
It's a terrible program.
84.8%
Well, they make our shoes and wallets.
84.7%
That little girl taught me how to use tampons.
83.7%
Or thanked! ...on.
83%
Just like Mickey Rourke did to me sexually.
82.1%
I would like to be Michelle Pfeiffer to your angry black kid who learns that poetry is just another way to rap.
81.8%
The projects I lived in were named after Zachary Taylor - generally considered to be one of the worst presidents of all time!
78.1%
Like going to the gym drunk.
76.7%
Like that HBO show - John Adams.
72.3%
Hitler and Martha Stewart would've hated that wedding.
71.8%
Remove Ads.
Support Sporcle.
Get the best of Sporcle when you Go Orange. This ad-free experience offers more features, more stats, and more fun while also helping to support Sporcle. Thank you for becoming a member.

You're not logged in!

Compare scores with friends on all Sporcle quizzes.
OR
Log In

Show Comments

Extras

Top Quizzes Today


Score Distribution

Your Account Isn't Verified!

In order to create a playlist on Sporcle, you need to verify the email address you used during registration. Go to your Sporcle Settings to finish the process.

Report this User

Report this user for behavior that violates our Community Guidelines.

Details: